Yo conozco el lenguaje de los animales / (Record no. 27071)
[ view plain ]
| 000 -LEADER | |
|---|---|
| fixed length control field | 00698nam a22002417a 4500 |
| 001 - CONTROL NUMBER | |
| control field | sjds |
| 003 - CONTROL NUMBER IDENTIFIER | |
| control field | sjds |
| 005 - DATE AND TIME OF LATEST TRANSACTION | |
| control field | 20240304202831.0 |
| 008 - FIXED-LENGTH DATA ELEMENTS--GENERAL INFORMATION | |
| fixed length control field | 220614b mx ||||| |||| 00| 0 spa d |
| 020 ## - INTERNATIONAL STANDARD BOOK NUMBER | |
| International Standard Book Number | 9706077391 |
| 020 ## - INTERNATIONAL STANDARD BOOK NUMBER | |
| International Standard Book Number | 9789706077394 |
| 020 ## - INTERNATIONAL STANDARD BOOK NUMBER | |
| International Standard Book Number | 9789686347555 (series) |
| 040 ## - CATALOGING SOURCE | |
| Transcribing agency | sjds |
| 041 ## - LANGUAGE CODE | |
| Language code of text/sound track or separate title | spa |
| 100 10 - MAIN ENTRY--PERSONAL NAME | |
| Personal name | Mathiaud, Evelyne |
| 245 10 - TITLE STATEMENT | |
| Title | Yo conozco el lenguaje de los animales / |
| Statement of responsibility, etc. | Evelyne Mathiaud ; il. Yvon Le Gall ; tr. Remedios Martínez G. |
| 260 ## - PUBLICATION, DISTRIBUTION, ETC. (IMPRINT) | |
| Place of publication, distribution, etc. | Mexico : |
| Name of publisher, distributor, etc. | Mega Eds., |
| Date of publication, distribution, etc. | 1990. |
| 300 ## - PHYSICAL DESCRIPTION | |
| Extent | [12] p. : |
| Other physical details | il. color ; |
| Dimensions | 21 cm. |
| 440 ## - SERIES STATEMENT/ADDED ENTRY--TITLE | |
| Title | Biblioteca los conejitos. |
| 700 10 - ADDED ENTRY--PERSONAL NAME | |
| Personal name | Le Gall, Yvon |
| 700 10 - ADDED ENTRY--PERSONAL NAME | |
| Personal name | Martinez Galan, Remedios |
| 942 ## - ADDED ENTRY ELEMENTS (KOHA) | |
| Koha item type | Libro/Book |
| Source of classification or shelving scheme | Dewey Decimal Classification |
| Withdrawn status | Lost status | Damaged status | Not for loan | Home library | Current library | Shelving location | Date acquired | Inventory number | Total Checkouts | Total Renewals | Full call number | Barcode | Checked out | Date last seen | Date checked out | Price effective from | Koha item type |
|---|---|---|---|---|---|---|---|---|---|---|---|---|---|---|---|---|---|
| Barbudos -- Satellite | Barbudos -- Satellite | 14/06/2022 | Inventory date: 7/7/25 | JI | 35802018 | 14/06/2022 | 14/06/2022 | Libro/Book | |||||||||
| Capulin -- Satellite | Capulin -- Satellite | 14/06/2022 | Inventory date: 7/7/25 | JI | 35102018 | 14/06/2022 | 14/06/2022 | Libro/Book | |||||||||
| Genizero -- Satellite | Genizero -- Satellite | 08/08/2022 | 1 | JI | 35602017 | 28/03/2024 | 22/02/2024 | 22/02/2024 | 08/08/2022 | Libro/Book | |||||||
| Las Brisas 2 -- Satellite | Las Brisas 2 -- Satellite | 14/06/2022 | Inventory date: 7/4/25 | 1 | JI | 40102259 | 07/03/2023 | 07/03/2023 | 14/06/2022 | Libro/Book | |||||||
| Las Pampas -- Satellite | Las Pampas -- Satellite | 14/06/2022 | inventory date: 17-1-25 | JI | 35702022 | 14/06/2022 | 14/06/2022 | Libro/Book | |||||||||
| San Juan Del Sur -- Biblioteca | San Juan Del Sur -- Biblioteca | Children's Area | 14/06/2022 | Inventory date: 15-5-25 | 2 | 1 | ESTANTE ESPANOL | 30028871 | 19/08/2025 | 12/08/2025 | 12/08/2025 | 14/06/2022 | Libro/Book | ||||
| Carrizal -- Satellite | San Juan Del Sur -- Biblioteca | 14/06/2022 | Inventory date: 13-1-25 | 1 | JI | 3700430 | 29/06/2023 | 02/02/2023 | 14/06/2022 | Libro/Book | |||||||
| Monte Cristo -- Satellite | San Juan Del Sur -- Biblioteca | 14/06/2022 | Checked out from 2023 - Jan 2025 | 1 | JI | 40202237 | 11/04/2023 | 07/03/2023 | 07/03/2023 | 14/06/2022 | Libro/Book | ||||||
| San Juan Del Sur -- Biblioteca | San Juan Del Sur -- Biblioteca | Children's Area | 16/01/2023 | Inventory date: 15-5-25 | JN ESpANOL | 30010331 | 16/01/2023 | 16/01/2023 | Libro/Book | ||||||||
| San Juan Del Sur -- Biblioteca | San Juan Del Sur -- Biblioteca | 16/01/2023 | 30010332 | 16/01/2023 | 16/01/2023 | Libro/Book | |||||||||||
| San Juan Del Sur -- Mobile | San Juan Del Sur -- Mobile | 03/03/2024 | 33016104 | 03/03/2024 | 03/03/2024 | Libro/Book | |||||||||||
| Sevadilla -- Satellite | Sevadilla -- Satellite | 14/06/2022 | JI | 35402016 | 14/06/2022 | 14/06/2022 | Libro/Book | ||||||||||
| Las Brisas 1 -- Satellite | Tortuga | 14/06/2022 | 1 | JI | 40002225 | 22/11/2023 | 18/10/2023 | 18/10/2023 | 14/06/2022 | Libro/Book | |||||||
| Zaragoza -- Satellite | Zaragoza -- Satellite | 14/06/2022 | Inventory date: 7/7/25 | JI | 35502013 | 14/06/2022 | 14/06/2022 | Libro/Book |